000 00349nam a2200145Ia 4500
005 20251222141837.0
008 251222s9999||||xx |||||||||||||| ||spa||
020 _a9789871305230
082 _a025.5/M26
100 _aMartínez Equihua, Saúl
245 0 _aBiblioteca Digital:
250 _a1ra. ed.
264 _bAlfagrama Ediciones
942 _cLIB
999 _c7310
_d7310